000 00851cam a2200241 a 4500
001 000011879
005 20200929162613.0
008 980630s1999 mauab 001 0 eng
020 _a0070216614 (alk. paper)
040 _aDO-SdBNP
_bspa
_cBNPHU
041 0 7 _aeng
_2spa
082 _a468.2
_bF654p
100 1 _aFoerster, Sharon.
_928079
245 1 0 _aPunto y aparte :
_bSpanish in review, moving towards fluency /
_cSharon W. Foerster, Anne Lambright, Fatima Alfonso-Pinto.
246 3 0 _aPunto
260 _aBoston :
_bMcGraw-Hill College,
_c1999.
300 _axxi, 221, 46 p. :
_bil., maps ;
_c26 cm.
500 _a"Este es un libro EBI"--T.p. verso.
500 _aIncluye índice
650 0 _aLengua española
_xLibro de texto para extranjeros
_xInglés
_928080
700 1 _aLambright, Anne.
_928081
700 1 _aAlfonso-Pinto, Fatima.
_928082
999 _c11551
_d11551